=LDR 00000nam 2200000 4500 =001 INLIS000000000024118 =005 20130612122726 =008 ***********************************Ind** =035 ##$$0010-061300000024118 =041 ##$$a Ind =082 ##$$a 352 =090 ##$$a 352, Han l =100 ##$$a Handayaningrat , Swarno =245 ##$$a Landasan dan pedoman kerja administrasi pemeritah daerah, kota dan desa, Swarno, Handayaningrat =260 ##$$a 1988 $b Jakarta =300 ##$$a 199 hlm, 21 cm =650 ##$$a Pedoman kerja =850 ##$$a NBPNMAT